=LDR 00000nam 2200000 4500 =001 INLIS000000000015012 =005 20130612110307 =008 ***********************************Ind** =035 ##$$0010-061300000015012 =041 ##$$a Ind =082 ##$$a 658.456 2 =090 ##$$a 658.456 2, Mat l =100 ##$$a Materka, Patrusle =245 ##$$a Lokakariya dan Seminar, Perencanaan Pelaksanaan pemanfaatan, Pat Rusli Materka =260 ##$$a 1990 $b Yogyakarta =300 ##$$a 181 Hlm, Ilus, 21 CM =650 ##$$a Konferensi dan Kongres =850 ##$$a NBPNMAT